<?xml version="1.0" encoding="UTF-8"?>
<record
    xmlns:xsi="http://www.w3.org/2001/XMLSchema-instance"
    xsi:schemaLocation="http://www.loc.gov/MARC21/slim http://www.loc.gov/standards/marcxml/schema/MARC21slim.xsd"
    xmlns="http://www.loc.gov/MARC21/slim">

  <leader>00588naa a2200205 i 4500</leader>
  <controlfield tag="001">24268</controlfield>
  <controlfield tag="003">ES-MaBCM</controlfield>
  <controlfield tag="005">20241016094509.0</controlfield>
  <controlfield tag="008">930609s1993    fra           000 0 fre d</controlfield>
  <datafield tag="021" ind1=" " ind2=" ">
    <subfield code="a">xx</subfield>
  </datafield>
  <datafield tag="035" ind1=" " ind2=" ">
    <subfield code="a">(OCoLC)1352119624</subfield>
  </datafield>
  <datafield tag="040" ind1=" " ind2=" ">
    <subfield code="c">ES-MaBCM</subfield>
  </datafield>
  <datafield tag="041" ind1="0" ind2=" ">
    <subfield code="a">fre</subfield>
  </datafield>
  <datafield tag="043" ind1=" " ind2=" ">
    <subfield code="a">fra</subfield>
  </datafield>
  <datafield tag="245" ind1="0" ind2="3">
    <subfield code="a">La politique budgetaire a moyen et a long terme dans les pays de l'OCDE</subfield>
  </datafield>
  <datafield tag="650" ind1="2" ind2="7">
    <subfield code="a">Pol&#xED;tica presupuestaria</subfield>
    <subfield code="9">59840</subfield>
  </datafield>
  <datafield tag="651" ind1="2" ind2="4">
    <subfield code="a">Pa&#xED;ses de la OCDE</subfield>
    <subfield code="9">115575</subfield>
  </datafield>
  <datafield tag="773" ind1="0" ind2=" ">
    <subfield code="a">En:</subfield>
    <subfield code="t">Probl&#xE8;mes &#xE9;conomiques</subfield>
    <subfield code="d">Paris : 1993</subfield>
    <subfield code="w">104496</subfield>
    <subfield code="g">n&#xBA; 2.327, mai, p. 1-10</subfield>
  </datafield>
  <datafield tag="942" ind1=" " ind2=" ">
    <subfield code="c">AREV</subfield>
  </datafield>
  <datafield tag="999" ind1=" " ind2=" ">
    <subfield code="c">24268</subfield>
    <subfield code="d">24268</subfield>
  </datafield>
  <datafield tag="952" ind1=" " ind2=" ">
    <subfield code="0">0</subfield>
    <subfield code="1">0</subfield>
    <subfield code="4">0</subfield>
    <subfield code="7">0</subfield>
    <subfield code="a">BC</subfield>
    <subfield code="b">BC</subfield>
    <subfield code="d">2012-04-21</subfield>
    <subfield code="l">0</subfield>
    <subfield code="w">2012-04-21</subfield>
    <subfield code="y">AREV</subfield>
  </datafield>
</record>
